000 00214 a2200097 4500
001 47943
100 _aAzzam
245 _aEternal message of Muhammad
260 _aLondon
_bQuartet books
_c
090 _c30938
_d30938
942 _aNUST-CAE
_cM
_c23267
999 _c283016
_d283016